Memorias sobre el estado político, gobierno y administración de la Isla de Cuba / (Record no. 179193)
[ view plain ]
| 000 -LEADER | |
|---|---|
| campo de control de longitud fija | 00684nam a2200169 4500 |
| 001 - NÚMERO DE CONTROL | |
| campo de control | 179193 |
| 003 - IDENTIFICADOR DE NÚMERO DE CONTROL | |
| campo de control | ES-MaACL |
| 005 - FECHA Y HORA DE LA ÚLTIMA TRANSACCIÓN | |
| campo de control | 20230906220710.0 |
| 008 - DATOS DE LONGITUD FIJA--INFORMACIÓN GENERAL | |
| campo de control de longitud fija | 110928s1853 sp |||| | spa d |
| 080 ## - NÚMERO DE LA CLASIFICACIÓN DECIMAL UNIVERSAL | |
| Número de la Clasificación Decimal Universal | 353.8(729.1) |
| 100 1# - ENTRADA PRINCIPAL--NOMBRE DE PERSONA | |
| Nombre de persona | Gutiérrez de la Concha, José |
| Títulos y otros términos asociados al nombre | Marqués de La Habana. |
| 9 (RLIN) | 127742 |
| 245 10 - MENCIÓN DEL TÍTULO | |
| Título | Memorias sobre el estado político, gobierno y administración de la Isla de Cuba / |
| Mención de responsabilidad, etc. | por el Teniente General Don José Gutiérrez de la Concha. |
| 260 ## - PUBLICACIÓN, DISTRIBUCIÓN, ETC. | |
| Lugar de publicación, distribución, etc. | [S.l.] : |
| Nombre del editor, distribuidor, etc. | [s.n.], |
| Fecha de publicación, distribución, etc. | 1853 ( |
| Lugar de fabricación/manufactura | Madrid : |
| Fabricante | Estab. Tip. de D. José Trujillo) |
| 300 ## - DESCRIPCIÓN FÍSICA | |
| Extensión | IX, 362, 41 p., [1] h. pleg. de mapa ; |
| Dimensiones | 26 cm. |
| 651 #4 - PUNTO DE ACCESO ADICIONAL DE MATERIA--NOMBRE GEOGRÁFICO | |
| Nombre geográfico | Cuba- |
| Subdivisión general | Administración. |
| 9 (RLIN) | 148085 |
| 852 ## - LOCALIZACIÓN | |
| Ubicación | ES-MaACL |
| Número de control de estantería | F-1311 |
| Estatus retirado | Estado de pérdida | Estado de daño | No para préstamo | Colección | Biblioteca de origen | Biblioteca actual | Ubicación en estantería | Fecha de adquisición | Fuente de adquisición | Total de préstamos | Signatura topográfica completa | Código de barras | Visto por última vez | Precio de reemplazo | Tipo de ítem Koha |
|---|---|---|---|---|---|---|---|---|---|---|---|---|---|---|---|
| Libros del s. XIX | Biblioteca del Ateneo de Madrid | Biblioteca del Ateneo de Madrid | Depósito 2 | 28/09/2011 | F-1311 | 1188240 | 23/02/2023 | 23/02/2023 | Libro impreso antiguo |
